00710nam a2200229Ia 4500003000900000008004100009040001300050040001300063041000800076100001800084245004300102250002700145260002300172260000900195300001100204300001200215490002400227490000600251942000700257999001700264952019900281IT-RoPAU120407s9999 xx 000 0 und d aIT-RoPAU cIT-RoPAU aita aOwen Chadwick aMichael Ramsay. Il primate del dialogo aCinisello Balsamo (MI) aSan Paolo Edizioni c1993 a424 p. c23,5 cm aGrandi biografie, 3 v1 cBK c34431d34431 00102ddc406920_18300000000000071aPAULUSbPAULUSd2012-04-11l0o920.183r2012-04-11 00:00:00w2012-04-11yBKzInserito da: LuigiG In data: 27 ottobre 2011 fondo: Via A.Severo 56 Progr:26430